00740 2200265 4500001002100000005001700021008004100038020002200079035002400101040001200125041000800137082001200145090001800157100002100175245007900196250001000275260003400285300003200319504002600351600002000377650002900397990001600426990001600442990001600458YOGYA-0113000000159720130126104346.0 ind  a978-979-1446-33-4 0010-011300000001597 aYOPDYOG aInd a618.203 a618.203 Ema P aEMA WAHYUNINGRUM aPanduan praktik klinik kebidanan 3: sebuah alternatif...cEMA WAHYUNINGRUM aCet.1 aYogyakartabNuha Medikac2010 aXII, 249 hlmc24 cm (3 eks) aBibliografi: hlm. 249 aRosa Raga Padmi aKebidanan - buku panduan a850-PD/B.12 a851-PD/B.12 a852-PD/B.12